000 01379cam a2200337 a 4500
999 _c17717
_d17717
001 1199234
003 BDDh-ASL
005 20231015025629.0
008 981016s1999 nju 001 0 eng
010 _a 98033355
020 _a0691006709 (alk. paper)
020 _a0691006717 (pbk. : alk. paper)
040 _aDLC
_cDLC
_dBDDh-ASL
043 _aa-ii---
050 0 0 _aBL1215.P65
_bH36 1999
082 0 0 _a294.5509
_221
_bHAS
100 1 _aHansen, Thomas Blom,
_d1958-
245 1 4 _aThe saffron wave :
_bdemocracy and Hindu nationalism in modern India /
_cThomas Blom Hansen.
260 _aPrinceton, NJ :
_bPrinceton University Press,
_c1999.
300 _avi, 293 p. :
_c24 cm.
504 _aIncludes bibliographical references (p. [273]-288) and index.
650 0 _aHinduism and politics
_zIndia.
650 0 _aNationalism
_xReligious aspects
_xHinduism.
651 0 _aIndia
_xPolitics and government
_y1977-
856 4 1 _3Table of contents
_uhttp://www.loc.gov/catdir/toc/prin032/98033355.html
856 4 2 _3Publisher description
_uhttp://www.loc.gov/catdir/description/prin021/98033355.html
906 _a7
_bcbc
_corignew
_d1
_eocip
_f19
_gy-gencatlg
942 _2ddc
_cBK